000 00953nam a2200241 a 4500
001 BRL_278
005 20190320210652.0
008 180713s1996----mx-o###f##---#000-0#spa-#
041 _aspa
044 _amx
050 4 _aR751.U56
_b.I88 1996
100 1 _aIsunza Jardón, Luis
_923440
245 1 0 _aPor eso hemos venido a dejarte siquiera ... (50 años después)
_blibro conmemorativo del jubileo profesional de médicoscirujanos de la generación 1940-46, egresados de la Facultad de Medicina de la UNAM.
_cautor y recopilador Dr. Luis Isunza Jardón
260 _aMéxico
_bUNAM
_c1996
300 _a1 v. (en varias paginaciones)
_bil.
_c28 cm.
500 _aIncluye dedicatoria para Ruth Lechuga
500 _aAu284
650 1 4 _aCirujanos
_zMéxico
_923441
650 1 4 _aMedicina
_xAnécdotas, chistes, sátiras, etc.
_911062
710 2 _aUniversidad Nacional Autónoma de México
_bFacultad de Medicina
_923442
902 _aGRL
942 _2lcc
_cB
999 _c9091
_d9091